Quizzes
Events
Quiz Creation
Community
Videos
Private Events
Remove Ads
Sign In
Join for FREE
Feedback
Dark Mode
Quiz Categories
Sports
Geography
Music
Movies
Television
Just For Fun
Miscellaneous
History
Literature
Language
Science
Gaming
Entertainment
Religion
Holiday
For Kids
Quiz Lab
Recent
Popular Today
Quiz Kudos Today
Editor Picks
Curator Picks
Quizzes by...
Day
Popularity
Type
Ratings
Length
Year
Community
Subscriptions
Recent Discussions
Orange Saloon
Badges
Playlists
Quests
Create
Leaderboards
Showdown
Live 5
Trivia Bingo
Activity
Puzzle Library
Sporcle Events
Private Events
Virtual Trivia
Globe League
Become a Host
Pub Owners
SporcleCon
Opinionation
Our Games
Videos
Blog
Mobile Apps
Partnerships
Remove Ads and Go Orange
Feedback
Sports
Athletes
MLB
NBA
NHL
NFL
Soccer
Sports Teams
WWE
NCAA
Football
Premier League
Basketball
Baseball
Hockey
Golf
Tennis
Cricket
Rugby
Auto Racing
Olympics
World Cup
Sports
Athletes
MLB
NBA
NHL
NFL
Soccer
Sports Teams
WWE
NCAA
Football
Premier League
Basketball
Baseball
Hockey
Golf
Tennis
Cricket
Rugby
Auto Racing
Olympics
World Cup
Random Quiz
Search Sporcle
×
Quiz Lab
Quiz Lab
Sports
WWE
Type in answers that appear in a list
Type in answers that appear in a list
Classic
Best Score? Go Orange.
Kevin Nash WWE PPV Opponents Stats
Can you name the Kevin Nash WWE PPV Opponents?
By
PipeBomb69
12m
42 Questions
1,330 Plays
1,330 Plays
1,330 Plays
Comments
Comments
Give Quiz Kudos
Give Quiz Kudos
-
- Ratings
hide this ad
Replay
Link that replays current quiz
Next Quiz
Link to next quiz in quiz playlist
You Got
0%
They Got
Avg Score
81%
Avg Friend Score
Upgrade to see
Score Distribution
Jump to the score distribution portion of the page
Score
0/42
Timer
12:00
0
Plays Today
PPV
Opponent
% Correct
WWF WrestleMania XI 1995
Shawn Michaels
98.2%
WWF Royal Rumble 1996 (Winner)
Shawn Michaels
98.2%
WWF In Your House 7: Good Friends, Better Enemies 1996
Shawn Michaels
98.1%
WWE Backlash 2003
Triple H
96.5%
WWE Judgment Day 2003
Triple H
96.5%
WWE Insurrextion 2003
Triple H
96.5%
WWE Bad Blood 2003
Triple H
96.5%
WWE SummerSlam 2003
Triple H
96.5%
WWE TLC -
Tables, Ladders & Chairs 2011
Triple H
96.5%
WWF Royal Rumble 1994 (Co-
Winner)
Bret Hart
94.3%
WWF King of the Ring 1994
Bret Hart
94.2%
WWF Royal Rumble 1995
Bret Hart
94.2%
WWF Survivor Series 1995
Bret Hart
94.2%
WWF In Your House 6: Rage In The Cage 1996
Bret Hart
94.2%
WWF In Your House 5: Season's Beatings 1995
Owen Hart
92.7%
WWF WrestleMania XII 1996
The Undertaker
91.4%
WWF Survivor Series 1993
Razor Ramon
89.8%
WWF SummerSlam 1994
Razor Ramon
89.8%
WWF Survivor Series 1994
Razor Ramon
89.8%
WWE Backlash 2003
Chris Jericho
84.7%
WWE SummerSlam 2003
Chris Jericho
84.7%
PPV
Opponent
% Correct
WWE SummerSlam 2003
Chris Jericho
84.6%
WWE Royal Rumble 2011 (Winner)
Alberto Del Rio
83.4%
WWF Royal Rumble 1994 (Co-
Winner)
Lex Luger
82.5%
WWE SummerSlam 2003
Randy Orton
81.9%
WWE SummerSlam 2003
Goldberg
79.3%
WWF Survivor Series 1994
The British Bulldog
75.1%
WWF In Your House 3: Triple Header 1995
The British Bulldog
75.1%
WWF In Your House 4: Great White North 1995
The British Bulldog
75.1%
WWF Survivor Series 1993
123 Kid
74%
WWF Survivor Series 1994
123 Kid
74%
WWF SummerSlam 1995
Mabel
73%
WWE Backlash 2003
Ric Flair
72.5%
WWF In Your House: Premiere 1995
Sycho Sid
72.3%
WWF King of the Ring 1995
Sycho Sid
72.3%
WWF In Your House 2: The Lumberjacks 1995
Sycho Sid
72.3%
WWF In Your House 3: Triple Header 1995
Yokozuna
71.1%
WWF Survivor Series 1993
Randy Savage
54.8%
WWF Survivor Series 1993
Marty Jannetty
47.6%
WWF King of the Ring 1995
Tatanka
45.6%
WWF Survivor Series 1994
Fatu
43.8%
WWF Survivor Series 1994
Sionne
29%
Quiz Playlist
Details
Report
Send in Message
Add To Playlist
Classic:
Type in answers that appear in a list
Last Updated: Feb 16, 2017
Quiz Scoreboard
CHALLENGE
Sign Up to Join the Scoreboard
Show All
Scores
Hide
Comments
May contain spoilers
Recently Published
Movies - When Are They Set?
by FPL_Elf
Movies
5m
Popular People in 1961
by mucciniale
History
6m
1-10 Letter E Words III
by El_Dandy
Language
2m
More to Explore
Quiz From the Vault
Featured Blog Post
Where Did the Easter Bunny Come From?
hide this ad
You Might Also Like...
Tags
WWE Quiz
Kevin
Kevin Nash
nash
opponent
PPV
PPV Opponents
Today's Top Quizzes in Sports
Browse Sports
hide this ad
Today's Top Quizzes in WWE
Browse WWE
Top Contributed Quizzes in Sports
1
Les meilleurs buteurs des matchs entre le PSG et l’OM
2
FIFA Club World Cup Champions
3
Les entraîneurs de l'OM et du PSG au 21e siècle
4
2022 World Cup Stars
5
Name the Premier League winners with different clubs
6
La finale Lions - Afrique du Sud 2021
7
Criteria MLB: Left Handed Sluggers
8
Les joueurs passés par le LOSC et le RC Lens
9
Players with Multiple 50 Home Run Seasons
10
MLB Players with Two .350 Batting Average Seasons
Explore More
Trending Topics
Anime
Kpop
Disney
Harry Potter
Crossword
Marvel
NBA
The Office
Puzzle
Song
Country
Soccer
WWE
NFL
Pokémon
hide this ad
More By:
PipeBomb69
Quiz
Plays
Rating
Category
Featured
Created
Shawn Michaels WWE PPV Opponents
5,709
3.33
Sports
Sep 21, 2012
Viscera WWE PPV Opponents
2,753
3.71
Sports
Nov 19, 2012
Ric Flair WWE PPV Opponents
1,867
4.60
Sports
Sep 23, 2012
Goldust WWE PPV Opponents
1,673
4.09
Sports
Sep 23, 2012
Kevin Nash WWE PPV Opponents
1,330
4.00
Sports
Oct 1, 2012
Go to Creator's Profile
Score Distribution
Quiz Creator Spotlight
PipeBomb69
Follow
Send a Message
Quizzes Created
-
Created Quiz Play Count
-
More By This Creator
Popular Quizzes Today
1
Find the Countries of Europe - No Outlines Minefield
2
Find the US States - No Outlines Minefield
3
The Countries of the World
4
Popular People in 1961
5
1-10 Letter E Words III
6
US States
7
Find the US States
8
One Thing in Common: World Cities II
More Sports Quizzes
MLB: Top 'B' Players by Top Seasons
Quiz Lab
Trending Quizzes
Risky Map Clicking: Least Populous States A-Z
Humor Books: The Subtitles
1-10 Letter F Words
1-10 Letter G Words
One Thing in Common: United Kingdom
Recently Updated
Leaping Animals
pecheneg
Reality TV Shows (A-Z)
bhenderson79
Rickey Henderson's Hall of Fame Teammates
pecheneg
Champions League XIs: Arsenal
pecheneg
Quick Pick: Celebrities in WWE's Hall of Fame
aduchscher
A-Z Keypad Blitz II
pecheneg
Multiple Oscar Actors
pecheneg
Mystery Phrase Blitz: Oscar 'Best Actors'
pecheneg
F. Scott Fitzgerald Novels
LTH
Pick 3 Villains
ddd62291
Trending Topics
Anime
NBA
Kpop
Disney
Marvel
Harry Potter
Crossword
WWE
The Office
Country
Pokémon
Soccer
NFL
Puzzle
Song
Your Account Isn't Verified!
In order to create a playlist on Sporcle, you need to verify the email address you used during registration. Go to your
Sporcle Settings
to finish the process.
Report this User
Report this user for behavior that violates our
Community Guidelines
.
Details:
Send Report
Go to the Sporcle.com Mobile Site →
Comments